Obálka
Pro půjčování e-knih musíte být přihlášeni.
Jak si půjčit online?

Liška Bystrouška /

Humoristické pásmo příhod starého revírníka a mazané lišky, proslavené stejnojmennou operou Leoše Janáčka. Vydání ke stoletému výročí je obohaceno obsáhlým doplňkovým materiálem.

Uloženo v:
Hlavní autor: Těsnohlídek, Rudolf, 1882-1928 (Autor)
Další autoři: Lolek, Stanislav, 1873-1936 (Autor)
Médium: E-kniha
Jazyk:Czech
Vydáno: Štíty : Pavel Ševčík - Veduta, 2020
Vydání:Poslední doplněné vydání
Témata:
Tagy:
Žádné tagy
LEADER 02955nam a2200469 i 4500
001 312316
003 CZ PrSKC
005 20260601215720.0
007 ta
008 200825s2020 xr ach g 000 f cze
015 |a cnb003243523 
020 |a 9788086438825  |q (vázáno) 
035 |a (OCoLC)1204253796 
040 |a ABG001  |b cze  |d OLA001  |e rda 
072 7 |a 821.162.3-3  |x Česká próza  |2 Konspekt 
080 |a 821.162.3-3  |2 MRF 
080 |a (0:82-321.5)  |2 MRF 
080 |a (0.072)  |2 MRF 
100 1 |a Těsnohlídek, Rudolf,  |d 1882-1928  |7 jk01132297  |4 aut 
245 1 0 |a Liška Bystrouška /  |c Rudolf Těsnohlídek ; [ilustrace] Stanislav Lolek. Sto let od zrodu legendy 
250 |a Poslední doplněné vydání 
264 1 |a Štíty :  |b Pavel Ševčík - Veduta,  |c 2020 
300 |a 271 stran :  |b ilustrace (některé barevné), portréty, faksimile ;  |c 24 cm 
336 |a text  |b txt  |2 rdacontent 
337 |a bez média  |b n  |2 rdamedia 
338 |a svazek  |b nc  |2 rdacarrier 
500 |a Terminologický slovník 
520 2 |a Humoristické pásmo příhod starého revírníka a mazané lišky, proslavené stejnojmennou operou Leoše Janáčka. Vydání ke stoletému výročí je obohaceno obsáhlým doplňkovým materiálem.  |b Úsměvná i lyrická pohádková novela Liška Bystrouška vycházela na jaře 1920 na pokračování v Lidových novinách, a to původně jako seriál humorných textů k obrázkům malíře a myslivce Stanislava Lolka. Příhody zuřivého a sakrujícího revírníka Bartoše a prohnané liščí dámičky si však získaly takovou popularitu, že se hned následujícího roku dočkaly knižního vydání. Rozmarné vyprávění, využívající hanáckého dialektu, se tak stalo jedinou humoristickou knihou lyrického básníka Těsnohlídka. Té pak postavil trvalý pomník Leoš Janáček, když na její námět napsal jednu ze svých dosud nejhranějších oper. Knihu s ilustracemi Stanislava Lolka doplňuje nářeční slovníček a vysvětlení nespisovných slov. Vydání ke stoletému výročí první edice je navíc doplněno sérií glos, vzpomínek, fotografií a komentářů se souhrnným názvem Sto let od vzniku legendy. 
655 7 |a české prózy  |7 fd133972  |2 czenas 
655 7 |a humoristické prózy  |7 fd132429  |2 czenas 
655 7 |a komentovaná vydání  |7 fd132577  |2 czenas 
655 9 |a Czech prose  |2 eczenas 
655 9 |a humorous prose  |2 eczenas 
655 9 |a annotated editions  |2 eczenas 
700 1 |a Lolek, Stanislav,  |d 1873-1936  |7 jk01072361  |4 ill 
740 0 2 |a Sto let od zrodu legendy 
900 |a ABA001  |b 20 
928 9 |a Veduta 
044 |a xr 
910 |a RBIT002 
998 |d 399908  |a https://core.palmknihy.cz/api/books/399908/cover?s9x5xo  |b https://core.palmknihy.cz/api/books/399908/cover/400?s9x5xo  |c https://core.palmknihy.cz/api/books/399908/cover/50?s9x5xo  |e   |g 272  |i 9788086438825  |l   |q 49  |r 1  |s https://www.palmknihy.cz/kniha/399908  |t ebook  |y 2020  |z 0 
999 |d 312314